Statistics for EU members

Click here to take the quiz!

General Stats

  • This quiz has been taken 32 times
  • The average score is 25 of 28

Answer Stats

Year joinedAnswer% Correct
1952France
100%
1952Germany
100%
1981Greece
100%
1952Italy
100%
2004Poland
100%
1986Portugal
100%
1986Spain
100%
1952Belgium
96%
1973Denmark
96%
1973Ireland
96%
2004Czech Republic
93%
1995Finland
93%
1952Luxembourg
93%
1952Netherlands
93%
2007Romania
93%
1995Austria
89%
1995Sweden
89%
2007Bulgaria
82%
2013Croatia
82%
2004Hungary
82%
2004Latvia
82%
2004Slovakia
82%
2004Slovenia
82%
2004Estonia
79%
2004Lithuania
79%
1973United Kingdom
79%
2004Malta
75%
2004Cyprus
54%

Score Distribution

Percentile by Number Answered

Percent of People with Each Score

Your Score History

You have not taken this quiz